Võ Nguyên Giáp hay cuộc chiến tranh nhân dân

Đã lưu trong:
書目詳細資料
主要作者: Gèrard Le, Quang
格式: 圖書
語言:Undetermined
出版: Hà Nội Thế giới,Công ty sách Thái Hà 2014
主題:
標簽: 添加標簽
沒有標簽, 成為第一個標記此記錄!
Thư viện lưu trữ: Trung tâm Học liệu Trường Đại học Cần Thơ
LEADER 00669nam a2200205Ia 4500
001 CTU_194727
008 210402s9999 xx 000 0 und d
020 |c 66000 
082 |a 959.7092 
082 |b Qu106 
100 |a Gèrard Le, Quang 
245 0 |a Võ Nguyên Giáp hay cuộc chiến tranh nhân dân 
245 0 |c Gèrard Le Quang; Nguyễn Văn Sự dịch) 
260 |a Hà Nội 
260 |b Thế giới,Công ty sách Thái Hà 
260 |c 2014 
650 |a General,Đại tướng 
650 |x Biography,Tiểu sử 
650 |z Vietnam,Việt Nam 
980 |a Trung tâm Học liệu Trường Đại học Cần Thơ